Zkroťte svou značku zaměstnavatele, díl 2.
Praktické rady, čo môžu lídri urobiť pre dobrú firemnú kultúru. Získavajte správnych ľudí. Uľahčujte a umožňujte. Podporujte majstrovstvo svojich ľudí. Komunikujte veľa a stále. Rituály, ktoré podporia značku. Preneste vaše hodnoty do firemného prostredia. Robte niečo spoločne aj mimo práce. Ak chce...
Salvato in:
| Autore principale: | |
|---|---|
| Natura: | Capitolo di libro |
| Lingua: | ceco |
| Soggetti: | |
| Tags: |
Nessun Tag, puoi essere il primo ad aggiungerne!!
|
MARC
| LEADER | 00000naa a2200000 4500 | ||
|---|---|---|---|
| 001 | 0241589 | ||
| 005 | 20180327134541.5 | ||
| 041 | 0 | |a cze | |
| 044 | |a CZ | ||
| 245 | 1 | 0 | |a Zkroťte svou značku zaměstnavatele, díl 2. |c Petr Hovorka |
| 520 | |a Praktické rady, čo môžu lídri urobiť pre dobrú firemnú kultúru. Získavajte správnych ľudí. Uľahčujte a umožňujte. Podporujte majstrovstvo svojich ľudí. Komunikujte veľa a stále. Rituály, ktoré podporia značku. Preneste vaše hodnoty do firemného prostredia. Robte niečo spoločne aj mimo práce. Ak chcete vybudovať silnú značku zamestnávateľa, začnite vo vnútri. | ||
| 610 | 2 | 0 | |a kultúra podniková |
| 610 | 2 | 0 | |a zamestnávatelia |
| 610 | 2 | 0 | |a zamestnanci |
| 610 | 2 | 0 | |a motivácia pracovná |
| 610 | 2 | 0 | |a prostredie pracovné |
| 610 | 2 | 0 | |a značky |
| 610 | 2 | 0 | |a budovanie značky |
| 610 | 2 | 0 | |a komunikácia |
| 610 | 2 | 0 | |a manažéri |
| 610 | 2 | 0 | |a lídri |
| 100 | 1 | |a Hovorka, Petr | |